| 000 | 00883cam a22002535a 4500 | ||
|---|---|---|---|
| 001 | 3746016 | ||
| 005 | 20180129110616.0 | ||
| 008 | 810508t1980 enka frb 000 0 eng d | ||
| 020 | _a0566003511 | ||
| 040 |
_aDLC _cDLC _dDLC _dEG-ScBUE _beng |
||
| 043 | _ae-uk-wl | ||
| 082 | 0 | 4 |
_a364.360942987 _222 _bEVA |
| 100 | 1 |
_aEvans, David J., _d1947- |
|
| 245 | 1 | 0 |
_aGeographical perspectives on juvenile delinquency / _cDavid J. Evans. |
| 260 |
_aFarnborough : _bGower ; _aCorbridge : _bRetailing and Planning Associates, _cc.1980. |
||
| 300 |
_ax, 132 p. : _bill. ; _c23 cm. |
||
| 504 | _aBibliography : p. 82-88. | ||
| 650 | 7 |
_aJuvenile delinquency _zWales _zCardiff. _2BUEsh |
|
| 650 | 7 |
_aJuvenile delinquency _xCase studies. _2BUEsh |
|
| 650 | 7 |
_aHuman geography _zWales _zCardiff. _2BUEsh |
|
| 650 | 7 |
_aHuman geography _xCase studies. _2BUEsh |
|
| 653 |
_bGGEN _cJanuary2018 |
||
| 942 | _2ddc | ||
| 999 |
_c26030 _d26002 |
||